[Event "Rubinstein Memorial op-D 57th"]
[Site "Polanica Zdroj"]
[Date "2021.08.14"]
[Round "1"]
[White "Trembowiecka Wysota, Aleksandra"]
[Black "Bartosik, Dawid"]
[Result "1/2-1/2"]
[WhiteElo "1693"]
[BlackElo "1391"]
[PlyCount "85"]
[EventDate "2021.08.14"]
[EventType "swiss"]
[EventRounds "9"]
[EventCountry "POL"]
[SourceTitle "CBM 204 Extra"]
[Source "ChessBase"]
[SourceDate "2021.11.30"]
[SourceVersion "1"]
[SourceVersionDate "2021.11.30"]
[SourceQuality "1"]

1. e4 c5 2. Nf3 g6 3. d4 cxd4 4. Nxd4 Bg7 5. Be3 Nc6 6. Nc3 Nf6 7. Be2 0-0 8. Qd2 d5 9. exd5 Nxd5 10. Nxd5 Qxd5 11. Bf3 Qa5 12. Bxc6 Qxd2+ 13. Kxd2 bxc6 14. Nxc6 Bxb2 15. Rab1 Bf6 16. Nxa7 Rd8+ 17. Ke2 Ba6+ 18. Kf3 Rd7 19. Nb5 Bb7+ 20. Kg3 Rxa2 21. Rhc1 Be4 22. Rd1 Rxd1 23. Rxd1 Rxc2 24. Bh6 Rc8 25. f3 Bf5 26. Kf4 Bg7 27. Bxg7 Kxg7 28. g4 Rc4+ 29. Rd4 Rxd4+ 30. Nxd4 Bd7 31. g5 f6 32. gxf6+ Kxf6 33. Ne2 g5+ 34. Kg3 e5 35. h4 gxh4+ 36. Kxh4 Kf5 37. Kh5 Bb5 38. Ng1 Kf4 39. Kh4 Bc6 40. Nh3+ Kxf3 41. Ng5+ Kf2 42. Nxh7 e4 43. Nf6 1/2-1/2